000 00753cam a2200289 i 4500
001 768714001
003 CO-MdFUSB
005 20240615131153.0
007 ta
008 240615t1982 -us||||| |||| 00| 0 spa d
020 _a84-85504-08-9
040 _cCO-MdFUSB
041 0 _aspa
082 0 4 _223
_a234.2
_bH463q
100 1 _aHegger, Herman J. (1916-)
_eautor
245 1 0 _aQué es creer?
_c/ H. J. Hegger ; traducido por Francisco Rodríguez
260 _a
264 1 _aMadrid, España :
_bINEDIC,
_c[1982]
264 4 _c©1982
300 _a104 Pag
336 _atexto
_btxt
_2rdacontent
337 _2rdamedia
_asin mediación
_bn
338 _2rdacarrier
_avolumen
_bnc
653 _aVida cristiana
942 _cBK
945 _aMiguel
999 _c34779
_d34779